|
|
|
|
| LEADER |
00000nam0a2200000 4500 |
| 001 |
48214 |
| 005 |
20231101211133.0 |
| 035 |
|
|
|a (RuTPU)RU\TPU\book\50478
|
| 090 |
|
|
|a 48214
|
| 100 |
|
|
|a 20030312d1980 km y0rusy50 ca
|
| 101 |
0 |
|
|a rus
|
| 102 |
|
|
|a RU
|
| 105 |
|
|
|a a z 001zy
|
| 200 |
1 |
|
|a Методы обработки и интерпретации результатов гидрогеологических исследований в нефтегазопоисковых целях
|f Под ред. А. А. Карцева
|
| 205 |
|
|
|a 2-е изд., перераб. и доп.
|
| 210 |
|
|
|a Москва
|c Недра
|d 1980
|
| 215 |
|
|
|a 271 с.
|c ил.
|
| 320 |
|
|
|a Библиогр.: с.
|
| 606 |
|
|
|a Нефтегазовые месторождения
|x Компьютерное моделирование
|2 stltpush
|3 (RuTPU)RU\TPU\subj\70288
|9 84642
|
| 610 |
1 |
|
|a воды подземные
|
| 610 |
1 |
|
|a гидрогеологические исследования
|
| 610 |
1 |
|
|a гидрогеологические карты
|
| 610 |
1 |
|
|a эффективность
|
| 610 |
1 |
|
|a нефтегазопромысловая геохимия
|
| 675 |
|
|
|a 553.98
|v 3
|
| 702 |
|
1 |
|a Карцев
|b А. А.
|g Алексей Александрович
|4 340
|
| 801 |
|
1 |
|a RU
|b 63413507
|c 20030312
|g PSBO
|
| 801 |
|
2 |
|a RU
|b 63413507
|c 20220603
|g PSBO
|
| 900 |
|
|
|a Методы гидрогеологических исследований
|
| 942 |
|
|
|c BK
|